000 00330nam a22001457a 4500
008 221020b ||||| |||| 00| 0 eng d
020 _a0205145922
041 _aeng
080 _a610.73
082 _a610.73 OLL
100 _a8
101 _aINF
245 _aHANDBOOL OF CHILD AND ADOLESCENT
_cOLLENDICK TH
942 _2udc
_cBK
999 _c58633
_d58633